| 000 | 00663nam a2200193 a 4500 | ||
|---|---|---|---|
| 005 | 20140412111324.0 | ||
| 008 | 000829s19uu xx 00 eng d | ||
| 020 | _a0-86272-909-2 | ||
| 050 |
_aREF 030 _bW872 1999 |
||
| 100 | _aGaneri, Anita | ||
| 245 |
_aI wonder why camels have humps : _band other questions about animals / _cAnita Ganeri. |
||
| 260 |
_aDanbury, Connecticut : _bGrolier Inc, _c1999. |
||
| 300 | _a32 p. | ||
| 440 | _aI wonder why | ||
| 500 | _aIncludes index | ||
| 520 | _aWith information and quirky facts to explain everything from 'Why do birds have feathers?' to 'How high can kangaroos hop?' | ||
| 650 | _aScience | ||
| 999 |
_c104542 _d104542 |
||